000 01182nam0a2200313 4500
001 RU\NLR\bibl\1298253
005 20260406133155.0
010 _a978-5-699-28838-0
_95000
021 _aRU
_b2008-64520
035 _a(NLR Aleph) 001283862
090 _a516238
_c516237
100 _a20081124d2008 |||y0rusy50 ca
101 1 _arus
_ceng
102 _aRU
105 _ay |||||||||
200 1 _aЛорд Демон
_e[фантастический роман]
_fРоджер Желязны, Джейн Линдсколд
_g[пер. с англ. О. Степашкиной]
210 _aМосква
_cЭКСМО
_d2008
215 _a380, [2] с.
_d21
225 1 _aЗвезды фантастики
300 _aНа обл. только 1-й авт.
686 _aШ6(7США)67-445(Ж){Лх1979-62(Ж)}
686 _aШ6(7США)67-445(Л){Лх1979-62(Л)}
700 1 _4070
_8rus
_7ca
_aЖелязны
_bР.
_f1937-1995
_gРоджер
_3RU\NLR\auth\772011
_9112028
701 1 _4070
_8rus
_7ca
_aЛиндсколд
_bД.
_gДжейн
_3RU\NLR\auth\7751712
_934645
801 0 _aRU
_bNLR
_c20081124
_gRCR
801 1 _aRU
_bNLR
_c20081124
942 _cBOOK
980 _aNB